000 00694nam a22002177a 4500
003 DO-SdBNP
005 20211104100653.0
007 ta
008 211104b2018 dr a|||| |||| 00| 0 eng d
020 _a9789945597691
040 _aDO-SdBNP
_bspa
_cBNPHU
082 4 _222
100 1 _aTaveras Castro, Lorena Altagracia
_965729
245 1 0 _aHijas de María Auxliadora en las Antillas :
_bnuevos senderos de su memoria históric 2003-2017
_cLorena Altagracia Taveras Castro
260 _aSanto Domingo :
_bAmigo del Hogar,
_c2018.
300 _av. :
_bil. ;
_c28 cm.
500 _aLa biblioteca posee el volumen 2
590 _aInventariado, 2021/BT
910 _aBtavárez
942 _2ddc
_cLBS1
999 _c50875
_d50875